LEADER 03685 am 2200649 n 450 001 9910496032103321 005 20240104030711.0 010 $a979-1-03-000814-2 024 7 $a10.4000/books.pub.44410 035 $a(CKB)4100000011960957 035 $a(FrMaCLE)OB-pub-44410 035 $a(PPN)256384428 035 $a(EXLCZ)994100000011960957 100 $a20210623j|||||||| ||| 0 101 0 $afre 135 $auu||||||m|||| 200 00$aMétamorphoses en culture d?enfance et d?adolescence$eQuestions de genres$fAnne-Marie Mercier-Faivre, Dominique Perrin 210 $aPessac$cPresses Universitaires de Bordeaux$d2021 215 $a1 online resource (370 p.) 311 $a979-1-03-000465-6 330 $aLa métamorphose semble revenue au premier plan dans les littératures d?enfance et d?adolescence, comme dans la culture populaire. Les vampires, loups-garous, hybrides et anges déchus sont les héros cathartiques des narrations contemporaines. Cet essor d?un imaginaire qui reprend des figures anciennes suscite de nombreuses questions. Ce livre offre une réflexion panoramique et historique sur le champ de la littérature pour la jeunesse comme sur ses déclinaisons en images (mangas, films) et ses modes de réception particuliers (fan-fictions). Comme dans Pinocchio et dans les aventures d?Alice, le mythe contemporain continue à mettre en scène des questions cruciales en figurant des êtres qui changent, image de la croissance mais aussi de l?inscription dans une identité sexuée. Mais quels sont les enjeux de ce mythe en ce début de millénaire ? Jusqu?à quel point se transforme-t-il ? De prime abord, le plus frappant est que la métamorphose devient une chance, l?horizon à atteindre d?une adaptation merveilleuse. L?être métamorphosé n?est plus l?autre que l?on regarde mais un miroir de celui que l?on pourrait devenir. Au prisme de ce thème, sont interrogés les rapports entre féminin et masculin, humain et non-humain, vie et mort, essence et artifice. Des classiques de la métamorphose aux figures et pratiques singulières de la période actuelle ? de la culture sérielle au domaine littéraire ?, les objets et questions envisagés ici mettent en lumière des mutations cruciales pour la compréhension d?un imaginaire contemporain. 606 $aLiterature (General) 606 $agenre 606 $amasculin 606 $aféminin 606 $amétamorphose 606 $atransformation 606 $alittérature de jeunesse 615 4$aLiterature (General) 615 4$agenre 615 4$amasculin 615 4$aféminin 615 4$amétamorphose 615 4$atransformation 615 4$alittérature de jeunesse 700 $aAvril-Chapuis$b Bérengère$01454866 701 $aBazin$b Laurent$0168352 701 $aBesson$b Anne$01237458 701 $aBigey$b Magali$01319790 701 $aBruguière$b Catherine$01291483 701 $aCharles$b Frédéric$01287247 701 $aDepauw$b Valentine$01454867 701 $aFreyheit$b Matthieu$01307063 701 $aLusetti$b Michèle$01322089 701 $aMassol$b Jean-François$01281700 701 $aMercier-Faivre$b Anne-Marie$0765911 701 $aMontaclair$b Florent$01228414 701 $aPerrin$b Dominique$025962 701 $aPrévost$b Christine$01290244 701 $aQuet$b François$01240396 701 $aRabany$b Anne-Marie$01454868 701 $aVuillermet$b Maryse$01454869 801 0$bFR-FrMaCLE 906 $aBOOK 912 $a9910496032103321 996 $aMétamorphoses en culture d?enfance et d?adolescence$93657027 997 $aUNINA LEADER 01117nam 2200385 450 001 9910798973003321 005 20230808200122.0 010 $a1-4674-4540-1 035 $a(CKB)3710000000915110 035 $a(MiAaPQ)EBC4859087 035 $a(Au-PeEL)EBL4859087 035 $a(CaPaEBR)ebr11388177 035 $a(OCoLC)988865763 035 $a(EXLCZ)993710000000915110 100 $a20170615h20162016 uy 0 101 0 $aeng 135 $aurcnu|||||||| 181 $2rdacontent 182 $2rdamedia 183 $2rdacarrier 200 14$aThe Apostle Paul $ehis life, thought, and letters /$fStanley E. Porter 210 1$aGrand Rapids, Michigan :$cWilliam B. Eerdmans Publishing Company,$d2016. 210 4$d©2016 215 $a1 online resource (439 pages) 311 $a0-8028-4114-7 320 $aIncludes bibliographical references and index. 676 $a225.9/2 700 $aPorter$b Stanley E.$f1956-$0176503 801 0$bMiAaPQ 801 1$bMiAaPQ 801 2$bMiAaPQ 906 $aBOOK 912 $a9910798973003321 996 $aThe Apostle Paul$93770765 997 $aUNINA LEADER 02454nas 2200745-a 450 001 9910303534903321 005 20240413022242.0 011 $a1827-8213 035 $a(DE-599)ZDB2257115-2 035 $a(CKB)110978976776317 035 $a(CONSER)---08029572- 035 $a(EXLCZ)99110978976776317 100 $a20750824a18769999 --- b 101 0 $aita 181 $ctxt$2rdacontent 182 $cc$2rdamedia 183 $acr$2rdacarrier 200 03$aIl foro italiano $eraccolta generale di giurisprudenza civile, commerciale, penale, amministrativa 210 $aRoma $cSocietà per la pubblicazione del giornale Il foro italiano$d1877- 215 $a1 online resource 300 $aVolume for 1876 issued with first issue of Repertorio generale annuale di giurisprudenza civile. 300 $aIssues for lack subtitle. 300 $aPublished: Roma : Società editrice de "Il Foro italiano", <2006-> 311 08$aPrint version: Il foro italiano : 0015-783X (DLC) 08029572 (OCoLC)1569809 531 $aFORO ITALIANO 606 $aLaw reports, digests, etc$zItaly 606 $aLaw$zItaly$vPeriodicals 606 $aDroit$2eclas 606 $aJurisprudence$2eclas 606 $aMensuels$2eclas 606 $aUE/CE Cour de justice$2eclas 606 $aLaw$2fast$3(OCoLC)fst00993678 606 $aLaw reports, digests, etc$2fast$3(OCoLC)fst00994106 606 $aStaatsrecht$2gtt 606 $aItaly$2pplt 606 $aCivil law$2pplt 606 $aLegislation$2pplt 606 $aCompany law$2pplt 606 $aReform$2pplt 606 $aCivil code$2pplt 607 $aItalie$2eclas 607 $aItaly$2fast$1https://id.oclc.org/worldcat/entity/E39PBJvd8mVMcRhwVmbtcqCPcP 608 $aCourt decisions and opinions.$2fast 608 $aPeriodicals.$2fast 608 $aCourt decisions and opinions.$2lcgft 615 0$aLaw reports, digests, etc. 615 0$aLaw 615 7$aDroit. 615 7$aJurisprudence. 615 7$aMensuels. 615 7$aUE/CE Cour de justice. 615 7$aLaw. 615 7$aLaw reports, digests, etc. 615 17$aStaatsrecht. 615 7$aItaly. 615 7$aCivil law. 615 7$aLegislation. 615 7$aCompany law. 615 7$aReform. 615 7$aCivil code. 906 $aJOURNAL 912 $a9910303534903321 920 $aexl_impl conversion 996 $aForo italiano$9795326 997 $aUNINA